000 00592nam a2200205Ia 4500
005 20250923144721.0
008 008 250917s9999 xx 000 0 eng d
037 _aTextual
040 _aDSWL
_beng
_cDSWL
041 _aeng
_2eng
084 _aYX,ZFy7, N58;1
_qDSWL
100 _aRoss, Murray G.
_9827682
245 0 _aCase histories in community organization
_cby Murray G. Ross
260 _aNew York
_b Harper & Brothers
_c1958
300 _a259p.
365 _aUSD
_b3.5
925 _g3.5
942 _cTEXL
_hYX,ZFy7, N58;1
999 _c1442434
_d1442434